000 00277nam a22001217a 4500
082 _a658
_bOSW/B
100 _aOSWAAL
245 _aBUSINESS STUDIES XII
246 _aBUSINESS STUDIES XII
_bBUSINESS STUDIES XII
260 _aNEWDELHI
_bOSWAAL
_c2023
300 _a303
942 _cBK
999 _c8484
_d8484